| 000 | 00000nam##2200000za#4500 |
| 001 | 9.641382 |
| 003 | CaOODSP |
| 005 | 20210624223202 |
| 007 | cr ||||||||||| |
| 008 | 150407|2013||||xxc|||||o f|0| 0 fre|d |
| 020 | |a978-0-662-79495-0 |
| 040 | |aCaOODSP|bfre |
| 043 | |an-cn--- |
| 086 | 1 |aH34-230/2-2013F-PDF |
| 110 | 1 |aCanada. |bSanté Canada. |
| 245 | 10|aVos services de santé : |h[ressource électronique]|bguide des Inuits pour l'accès aux Services de santé non assurés / |crédigé conjointement par Santé Canada et l'Inuit Tapiriit Kanatami (ITK). |
| 260 | |aOttawa - Ontario : |bSanté Canada |cMars 2014. |
| 300 | |a48p. |
| 590 | |a15-11|b2015-03-13 |
| 691 | 07|aSoins de santé|2gcpds |
| 691 | 07|aInuit|2gcpds |
| 775 | 08|tYour health benefits : |w(CaOODSP)9.697322 |
| 776 | 0#|tVos services de santé : |w(CaOODSP)9.685588 |
| 856 | 40|ahttp://publications.gc.ca|qPDF|s1447 Ko|uhttps://publications.gc.ca/collections/collection_2015/sc-hc/H34-230-2-2013-fra.pdf |
| 986 | |aPub. : 120159 |